Geography Quiz

Random Geography or City Quiz

Cities of Russia A-Z Quiz Stats

 Plays Quiz not verified by Sporcle

Challenge
Share
Tweet
Embed
Score 0/20 Timer 08:00
0 Plays Today
Letter City % Correct
MMoscow
99.2%
SSt. Petersburg
97.7%
OOmsk
81.1%
YYekaterinburg
79%
NNovosibirsk
74.9%
VVolgograd
74.4%
RRostov-on-Don
74.2%
PPerm
73.9%
KKazan
71.5%
UUfa
70.9%
Letter City % Correct
CChelyabinsk
66%
AAstrakhan
52.4%
TTolyatti
43.1%
IIzhevsk
40.7%
GGrozny
37.1%
LLipetsk
35.7%
BBarnaul
33.9%
EEngels
20.1%
DDzerzhinsk
15.7%
ZZlatoust
15.1%

You're not logged in!

Compare scores with friends on all Sporcle quizzes.
Join for Free
OR
Log In

You Might Also Like...

Show Comments

Extras

Created Mar 23, 2012SourceReportNominate
Tags:City Quiz, A-Z, largest, Russia

Top Quizzes Today


Score Distribution

Your Account Isn't Verified!

In order to create a playlist on Sporcle, you need to verify the email address you used during registration. Go to your Sporcle Settings to finish the process.

Report this User

Report this user for behavior that violates our Community Guidelines.

Details: